<?xml version="1.0" encoding="UTF-8"?><?xml-stylesheet type="text/xsl" href="static/style.xsl"?><OAI-PMH xmlns="http://www.openarchives.org/OAI/2.0/" xmlns:xsi="http://www.w3.org/2001/XMLSchema-instance" xsi:schemaLocation="http://www.openarchives.org/OAI/2.0/ http://www.openarchives.org/OAI/2.0/OAI-PMH.xsd"><responseDate>2026-06-01T19:50:44Z</responseDate><request verb="GetRecord" identifier="oai:riuma.uma.es:10630/35299" metadataPrefix="marc">https://riuma.uma.es/rest/oai/request</request><GetRecord><record><header><identifier>oai:riuma.uma.es:10630/35299</identifier><datestamp>2026-02-03T11:19:50Z</datestamp><setSpec>com_10630_2254</setSpec><setSpec>col_10630_37953</setSpec></header><metadata><record xmlns="http://www.loc.gov/MARC21/slim" xmlns:dcterms="http://purl.org/dc/terms/" xmlns:doc="http://www.lyncode.com/xoai" xmlns:xsi="http://www.w3.org/2001/XMLSchema-instance" xsi:schemaLocation="http://www.loc.gov/MARC21/slim http://www.loc.gov/standards/marcxml/schema/MARC21slim.xsd">
   <leader>00925njm 22002777a 4500</leader>
   <datafield ind2=" " ind1=" " tag="042">
      <subfield code="a">dc</subfield>
   </datafield>
   <datafield ind2=" " ind1=" " tag="720">
      <subfield code="a">Castillo-Esparcia, Antonio</subfield>
      <subfield code="e">author</subfield>
   </datafield>
   <datafield ind2=" " ind1=" " tag="720">
      <subfield code="a">Castillero-Ostio, Elizabet</subfield>
      <subfield code="e">author</subfield>
   </datafield>
   <datafield ind2=" " ind1=" " tag="720">
      <subfield code="a">Castillo-Díaz, Ana</subfield>
      <subfield code="e">author</subfield>
   </datafield>
   <datafield ind2=" " ind1=" " tag="260">
      <subfield code="c">2020-07-30</subfield>
   </datafield>
   <datafield ind2=" " ind1=" " tag="520">
      <subfield code="a">Esta  investigación  se  ocupa  de  estudiar  cómo  los think  tanks españoles  utilizan  el medio digital para difundir su actividad y transmitir sus ideas. A través del análisis de contenido,  se  analiza  qué  tipos  de  herramientas  de  comunicación  emplean  en  los  espacios  digitales que implementan de manera oficial (webs  y medios sociales), así como la utilización de estas como canales  unidireccionales  o  bidireccionales. Se  muestra  que  los  unidireccionales  se centran  en  la  difusión  de  la  identidad de  estas  organizaciones,  muy  vinculada  a  las  actividades formativas. Entre los bidireccionales, cobran relevancia los medios sociales, que se emplean para la generación de compromiso con sus públicos. Los thinks tanks utilizan la comunicación  digital  como  estrategia  de  difusión  de  sus  actividades.  Eso  supone  potenciar  la prospectiva  de advocacy y  una  pretensión  de  participar  en  los  temas  de  discusión  pública  con propuestas sobre sus encuadres (Bürger, 2015, Misztal, 2012).</subfield>
   </datafield>
   <datafield ind1="8" ind2=" " tag="024">
      <subfield code="a">Castillo-Esparcia, A., Castillero-Ostio, E., &amp; Castillo-Díaz, A. (2020). Los think tanks en España. Análisis de sus estrategias de comunicación digitales. Revista Latina De Comunicación Social, (77), 253–273. https://doi.org/10.4185/RLCS-2020-1457</subfield>
   </datafield>
   <datafield ind1="8" ind2=" " tag="024">
      <subfield code="a">https://hdl.handle.net/10630/35299</subfield>
   </datafield>
   <datafield ind1="8" ind2=" " tag="024">
      <subfield code="a">10.4185/RLCS-2020-1457</subfield>
   </datafield>
   <datafield tag="653" ind2=" " ind1=" ">
      <subfield code="a">Comunicación en la empresa</subfield>
   </datafield>
   <datafield tag="653" ind2=" " ind1=" ">
      <subfield code="a">Relaciones públicas</subfield>
   </datafield>
   <datafield tag="653" ind2=" " ind1=" ">
      <subfield code="a">Marketing en internet</subfield>
   </datafield>
   <datafield ind2="0" ind1="0" tag="245">
      <subfield code="a">Los think tanks en España. Análisis de sus estrategias de comunicación digitales.</subfield>
   </datafield>
</record>
</metadata></record></GetRecord></OAI-PMH>